Statistics for Biggest Cities in each Country

Click here to take the quiz!

General Stats

  • This quiz has been taken 2,680 times
    (1,990 since last reset)
  • The average score is 50 of 58

Answer Stats

CountryCity% Correct
Australia: 1stSydney
99%
France: 1stParis
98%
Egypt: 1stCairo
97%
China: 2ndBeijing
96%
Germany: 1stBerlin
96%
United Kingdom: 1stLondon
96%
Spain: 1stMadrid
96%
Mexico: 1stMexico City
96%
Russia: 1stMoscow
96%
United States: 1stNew York City
96%
Brazil: 2ndRio de Janeiro
96%
Italy: 1stRome
96%
Korea, South: 1stSeoul
96%
Japan: 1stTokyo
96%
Canada: 1stToronto
96%
Netherlands: 1stAmsterdam
95%
Ireland: 1stDublin
95%
Spain: 2ndBarcelona
94%
Belgium: 1stBrussels
94%
United States: 2ndLos Angeles
94%
Australia: 2ndMelbourne
94%
India: 2ndDelhi
93%
Turkey: 1stIstanbul
93%
Brazil: 1stSao Paulo
93%
Poland: 1stWarsaw
93%
Israel: 1stJerusalem
92%
Italy: 2ndMilan
92%
Russia: 2ndSaint Petersburg
92%
South Africa: 2ndCape Town
91%
South Africa: 1stJohannesburg
90%
India: 1stMumbai
90%
China: 1stShanghai
90%
Turkey: 2ndAnkara
89%
Japan: 2ndOsaka-Kobe-Kyoto
89%
New Zealand: 2ndwellington
89%
Canada: 2ndMontreal
88%
New Zealand: 1stAuckland
86%
Vietnam: 2ndHanoi
86%
Switzerland: 1stZurich
86%
Israel: 2ndTel Aviv
85%
Egypt: 2ndAlexandria
84%
Germany: 2ndHamburg
84%
France: 2ndMarseille
84%
United Kingdom: 2ndBirmingham
83%
Netherlands: 2ndRotterdam
83%
Vietnam: 1stHo Chi Minh City
82%
Saudi Arabia: 1stRiyadh
80%
Switzerland: 2ndGeneva
77%
Pakistan: 1stKarachi
77%
Bahamas: 1stNassau
76%
Belgium: 2ndAntwerp
71%
Poland: 2ndKrakow
71%
Ireland: 2ndCork
68%
Mexico: 2ndGuadalajara
67%
Pakistan: 2ndLahore
64%
Korea, South: 2ndBusan
53%
Saudi Arabia: 2ndJeddah
53%
Bahamas: 2ndFreeport
17%

Score Distribution

Percentile by Number Answered

Percent of People with Each Score

Your Score History

You have not taken this quiz since the last reset